| 000 | 00622nam a2200181 i 4500 | ||
|---|---|---|---|
| 999 |
_c7267 _d7267 |
||
| 003 | OSt | ||
| 005 | 20191121110502.0 | ||
| 008 | 191121s2018 sp a ||| |||||0|0 0 spa|d | ||
| 020 | _a9788491342779 | ||
| 040 |
_aES-BaUAB _bcat _cCDMR |
||
| 245 | 0 | 3 |
_aLa Transición de la prensa _b: el comportamiento político de diarios y periodistas _c/ Jaume Guillamet (ed.) |
| 264 | 1 |
_aValència : _bUniversitat de València, _c[2018] |
|
| 300 |
_a352 p. _c23 cm |
||
| 650 | 4 |
_aPremsa i política _zEspanya _xHistòria _y1975-1979, Transició |
|
| 650 | 4 |
_aDiaris _zEspanya _xHistòria _y1975-1979 |
|
| 700 | 1 | _aGuillamet, Jaume, | |
| 942 | _cMON | ||